Historia de la vida del hombre. (Record no. 155392)

MARC details
000 -LEADER
campo de control de longitud fija 02159nam a2200421 i 4500
001 - NÚMERO DE CONTROL
campo de control 155392
003 - IDENTIFICADOR DE NÚMERO DE CONTROL
campo de control ES-MaACL
005 - FECHA Y HORA DE LA ÚLTIMA TRANSACCIÓN
campo de control 20250830063108.0
008 - DATOS DE LONGITUD FIJA--INFORMACIÓN GENERAL
campo de control de longitud fija 931025e1798 sp |r 001 0 spa
040 ## - FUENTE DE CATALOGACIÓN
Centro catalogador/agencia de origen CYL
Lengua de catalogación spa
Centro/agencia transcriptor ES-MaACL
080 ## - NÚMERO DE LA CLASIFICACIÓN DECIMAL UNIVERSAL
Número de la Clasificación Decimal Universal 572
080 ## - NÚMERO DE LA CLASIFICACIÓN DECIMAL UNIVERSAL
Número de la Clasificación Decimal Universal 113/119
080 ## - NÚMERO DE LA CLASIFICACIÓN DECIMAL UNIVERSAL
Número de la Clasificación Decimal Universal 57"17"
080 ## - NÚMERO DE LA CLASIFICACIÓN DECIMAL UNIVERSAL
Número de la Clasificación Decimal Universal 37"17"
100 1# - ENTRADA PRINCIPAL--NOMBRE DE PERSONA
Nombre de persona Hervás, Lorenzo,
Fechas asociadas al nombre 1735-1809
Término indicativo de función/relación Autor
9 (RLIN) 63423
245 10 - MENCIÓN DEL TÍTULO
Título Historia de la vida del hombre.
Número de parte o sección de la obra Continuacion de la parte II.
-- Tomo V /
Mención de responsabilidad, etc. su autor el abate D. Lorenzo Hervás y Panduro, Teólogo del ... Cardenal Juan Francisco Albani, Decano del Sagrado Colegio, y Canonista del ... Cardenal Aurelio Roverella ...
260 ## - PUBLICACIÓN, DISTRIBUCIÓN, ETC.
Lugar de publicación, distribución, etc. En Madrid :
Nombre del editor, distribuidor, etc. en la imprenta de la Administracion de la Rifa del Real Estudio de Medicina Práctica :
-- se hallará .... en la Librería de Ranz, calle de la Cruz ...,
Fecha de publicación, distribución, etc. 1798
300 ## - DESCRIPCIÓN FÍSICA
Extensión [6], 354 páginas, [2] en blanco ;
Dimensiones
500 ## - NOTA GENERAL
Nota general Índice
505 0# - NOTA DE CONTENIDO CON FORMATO
Nota de contenido con formato El hombre en la virilidad: El hombre en la virilidad, miembro distinguido de la sociedad civil; Perfección física del hombre en su virilidad; Discursos políticos relativos al hombre y a la sociedad civil
530 ## - NOTA DISPONIBLE DE FORMULARIO FÍSICO ADICIONAL
Nota de formato físico adicional disponible Disponible en formato digital
594 ## - NOTA AL TITULO Y MENCION DE RESPONSABILIDAD
Nota Título en anteportada: "Historia de la vida del hombre, ó Idea del universo, baxo cuyo título se publicó en italiano"
597 ## - NOTA A LA DESCRIPCION FISICA
Nota Sign.: [ ]3, A-Z4, 2A-2X4, 2Y2.
597 ## - NOTA A LA DESCRIPCION FISICA
Nota Anteportada
650 #4 - PUNTO DE ACCESO ADICIONAL DE MATERIA--TÉRMINO DE MATERIA
Término de materia o nombre geográfico como elemento de entrada Hombre
9 (RLIN) 13451
650 #4 - PUNTO DE ACCESO ADICIONAL DE MATERIA--TÉRMINO DE MATERIA
Término de materia o nombre geográfico como elemento de entrada Antropología filosófica-
Subdivisión de forma Obras anteriores a 1800
9 (RLIN) 147426
650 #4 - PUNTO DE ACCESO ADICIONAL DE MATERIA--TÉRMINO DE MATERIA
Término de materia o nombre geográfico como elemento de entrada Biología-
Subdivisión de forma Obras anteriores a 1800
9 (RLIN) 157398
650 #4 - PUNTO DE ACCESO ADICIONAL DE MATERIA--TÉRMINO DE MATERIA
Término de materia o nombre geográfico como elemento de entrada Educación-
Subdivisión de forma Obras anteriores a 1800
9 (RLIN) 12084
710 2# - ENTRADA AGREGADA--NOMBRE DE ENTIDAD CORPORATIVA
Nombre de entidad corporativa o nombre de jurisdicción como elemento de entrada Imprenta de la Rifa del Real Estudio de Medicina Práctica
Término indicativo de función/relación Impresor
9 (RLIN) 242133
710 2# - ENTRADA AGREGADA--NOMBRE DE ENTIDAD CORPORATIVA
Nombre de entidad corporativa o nombre de jurisdicción como elemento de entrada Librería de Ranz
Término indicativo de función/relación Editor
-- Librero
9 (RLIN) 242134
740 32 - ENTRADA AGREGADA--TÍTULO RELACIONADO/ANALÍTICO NO CONTROLADO
Título relacionado o analítico no controlado El hombre en la virilidad
752 ## - ENTRADA AGREGADA--NOMBRE JERÁRQUICO DEL LUGAR
País o entidad superior España -
Ciudad Madrid
852 4# - LOCALIZACIÓN
Ubicación ES-MaACL
Ubicación en estantería Depósito
Signatura antigua Olim: G-2562-68
Número de control de estantería R-822-28
Encuadernación Pasta española
856 4# - LOCALIZACIÓN Y ACCESO ELECTRÓNICOS
Identificador Uniforme de Recursos <a href="https://repositorio.bde.es/handle/123456789/35232">https://repositorio.bde.es/handle/123456789/35232</a>
Texto de enlace Versión en línea
Nota pública (Repositorio Institucional del Banco de España)
942 ## - ELEMENTOS DE ENTRADA SECUNDARIOS (KOHA)
Tipo de ítem Koha Libro impreso antiguo
Suprimir en OPAC No
Holdings
Estatus retirado Estado de pérdida Estado de daño No para préstamo Colección Biblioteca de origen Biblioteca actual Ubicación en estantería Fecha de adquisición Total de préstamos Signatura topográfica completa Código de barras Visto por última vez Precio de reemplazo Tipo de ítem Koha
        Libros del s. XVIII Biblioteca del Ateneo de Madrid Biblioteca del Ateneo de Madrid Depósito 17/01/2008   R-822-28 1162545 23/02/2023 23/02/2023 Libro impreso antiguo